| 000 | 00421nam a2200169 a 4500 | ||
|---|---|---|---|
| 005 | 20140412111410.0 | ||
| 008 | 070221s19uu xx 00 eng d | ||
| 020 | _a0710512236 | ||
| 050 |
_aER _bLi72 |
||
| 100 | _aIvens, Jan | ||
| 245 |
_aLittle bear paints the world / _cJan Ivens ill. |
||
| 260 | _aEngland. | ||
| 440 | _aLittle bear | ||
| 650 | _aColors-fiction | ||
| 650 | _achildren stories | ||
| 999 |
_c105655 _d105655 |
||